[Event "ODEM U25B 2012"]
[Site "Oberhof GER"]
[Date "2012.05.31"]
[Round "7"]
[White "Pappert, Florian"]
[Black "Janke, Christopher"]
[Result "1/2-1/2"]
[Termination "normal"]
[Board "1"]
[WhiteElo "1461"]
[BlackElo "1589"]
[PlyCount "42"]
[EventCountry "GER"]
[EventRounds "9"]
[EventType "swiss"]
[EventDate "2012.05.26"]

1. d4 Nf6 2. Nc3 d5 3. Bf4 e6 4. e3 c5 5. Nf3 Nc6 6. Bb5 Bd7 7. O-O a6 8. Bxc6
Bxc6 9. Ne5 Qb6 10. Rb1 Be7 11. Bg5 Nd7 12. Bxe7 Kxe7 13. Nxc6+ Qxc6 14. Qg4
Rhg8 15. Rfe1 Nf6 16. Qf3 cxd4 17. exd4 Rac8 18. Qe3 g5 19. Re2 h5 20. f4 gxf4
21. Qxf4 Rg4 1/2-1/2

[Event "ODEM U25B 2012"]
[Site "Oberhof GER"]
[Date "2012.05.31"]
[Round "7"]
[White "Herrmann, Heribert"]
[Black "von Reppert, Marc"]
[Result "0-1"]
[Termination "normal"]
[Board "2"]
[WhiteElo "1534"]
[BlackElo "1468"]
[PlyCount "50"]
[WhiteFideId "12971715"]
[BlackFideId "12918130"]
[EventCountry "GER"]
[EventRounds "9"]
[EventType "swiss"]
[EventDate "2012.05.26"]

1. c4 f5 2. g3 Nf6 3. Bg2 e5 4. Nc3 d6 5. e3 Be7 6. Nge2 O-O 7. O-O c6 8. d3
Be6 9. b3 Nbd7 10. f4 exf4 11. Nxf4 Bf7 12. Bd2 Nc5 13. Qc2 Ne6 14. Nce2 Rc8
15. Nxe6 Bxe6 16. Nd4 Qd7 17. Nxe6 Qxe6 18. d4 Ne4 19. Bh3 d5 20. c5 Rce8 21.
Rae1 Bg5 22. Kh1 Qh6 23. Kg2 g6 24. Bc1 Bd8 25. b4 Ng5 0-1

[Event "ODEM U25B 2012"]
[Site "Oberhof GER"]
[Date "2012.05.31"]
[Round "7"]
[White "Denkert, Robert"]
[Black "Fischer, Maxi"]
[Result "1/2-1/2"]
[Termination "normal"]
[Board "3"]
[WhiteElo "1491"]
[BlackElo "1418"]
[PlyCount "52"]
[WhiteFideId "12957216"]
[BlackFideId "24692395"]
[EventCountry "GER"]
[EventRounds "9"]
[EventType "swiss"]
[EventDate "2012.05.26"]

1. e4 e5 2. Nf3 Nc6 3. Bc4 Bc5 4. c3 Nf6 5. d3 d6 6. a4 a6 7. h3 h6 8. O-O Be6
9. Bb3 O-O 10. Re1 Ba7 11. Nbd2 Qd7 12. Nf1 Rfe8 13. Ng3 Ne7 14. Bxe6 fxe6 15.
Be3 Ng6 16. Nh2 Rf8 17. Rf1 Qf7 18. Bxa7 Rxa7 19. d4 Raa8 20. dxe5 Nxe5 21. f4
Nc4 22. Qe2 Nb6 23. e5 Nfd5 24. a5 Nd7 25. exd6 cxd6 26. f5 Ne5 1/2-1/2

[Event "ODEM U25B 2012"]
[Site "Oberhof GER"]
[Date "2012.05.31"]
[Round "7"]
[White "Eggert, André"]
[Black "Wheeler, Sebastian"]
[Result "1/2-1/2"]
[Termination "normal"]
[Board "4"]
[WhiteElo "1517"]
[BlackElo "1658"]
[PlyCount "53"]
[WhiteFideId "1270464"]
[BlackFideId "12923060"]
[EventCountry "GER"]
[EventRounds "9"]
[EventType "swiss"]
[EventDate "2012.05.26"]

1. c4 Nf6 2. Nc3 e5 3. g3 Bc5 4. Bg2 Ng4 5. e3 d6 6. Nf3 Nc6 7. O-O O-O 8. b3
Nf6 9. Na4 Bb6 10. Nxb6 axb6 11. Bb2 Bg4 12. Qb1 Qd7 13. d4 Bf5 14. Qd1 exd4
15. Nxd4 Ne4 16. Nxc6 bxc6 17. Qd4 Nf6 18. Qh4 Ne8 19. Be4 Bxe4 20. Qxe4 Ra7
21. Rfd1 c5 22. Qe5 Qg4 23. Qd5 h6 24. Kg2 Qe6 25. a4 Nf6 26. Bxf6 Qxf6 27.
Rab1 1/2-1/2

[Event "ODEM U25B 2012"]
[Site "Oberhof GER"]
[Date "2012.05.31"]
[Round "7"]
[White "Arns, Alexander"]
[Black "Naujoks, Max"]
[Result "0-1"]
[Termination "normal"]
[Board "5"]
[WhiteElo "1452"]
[BlackElo "1398"]
[PlyCount "152"]
[WhiteFideId "12944009"]
[BlackFideId "12947318"]
[EventCountry "GER"]
[EventRounds "9"]
[EventType "swiss"]
[EventDate "2012.05.26"]

1. c4 Nf6 2. g3 g6 3. Bg2 Bg7 4. Nc3 O-O 5. Nf3 c5 6. O-O Nc6 7. d3 b6 8. Bf4
d6 9. Rb1 Bb7 10. Qc1 Rb8 11. Rd1 e5 12. Bg5 Qd7 13. Bf1 Nd4 14. Bg2 Nh5 15.
Re1 f6 16. Be3 f5 17. b4 f4 18. Bxd4 cxd4 19. Nb5 a6 20. Na3 Rbe8 21. Rb3 fxg3
22. fxg3 e4 23. dxe4 Bxe4 24. Nb1 d3 25. Nbd2 Bh6 26. Qd1 dxe2 27. Rxe2 Bb7 28.
Rxe8 Rxe8 29. Rd3 Qc7 30. Qb3 Nf6 31. c5+ d5 32. cxb6 Qxb6+ 33. Kf1 Ng4 34. Nd4
Qf6+ 35. N2f3 Nxh2+ 36. Kg1 Nxf3+ 37. Nxf3 Qc6 38. Nd4 Qd7 39. Nc2 Re5 40. a3
Kh8 41. Qc3 Bg7 42. Qb3 Qc6 43. Ne3 Qc1+ 44. Nd1 Qc6 45. Kh2 Rh5+ 46. Kg1 Qb6+
47. Nf2 Bd4 48. Rf3 Bxf2+ 49. Rxf2 Rf5 50. Qb2+ Kg8 51. Kf1 Rxf2+ 52. Qxf2
Qxf2+ 53. Kxf2 Kf7 54. Ke3 d4+ 55. Kf2 Bxg2 56. Kxg2 Ke6 57. a4 Kd5 58. Kf3 Kc4
59. b5 axb5 60. a5 Kc5 61. Ke4 b4 62. a6 Kb6 63. a7 Kxa7 64. Kxd4 Kb6 65. Kc4
Ka5 66. Kb3 Kb5 67. Kb2 Kc4 68. Kc2 b3+ 69. Kb2 h5 70. Kb1 Kc3 71. Kc1 g5 72.
Kb1 h4 73. gxh4 gxh4 74. Kc1 h3 75. Kb1 h2 76. Ka1 h1=Q# 0-1

[Event "ODEM U25B 2012"]
[Site "Oberhof GER"]
[Date "2012.05.31"]
[Round "7"]
[White "Greßmann, Hanna"]
[Black "Dresig, Moritz"]
[Result "1-0"]
[Termination "normal"]
[Board "6"]
[WhiteElo "1393"]
[BlackElo "1711"]
[PlyCount "79"]
[WhiteFideId "12930709"]
[BlackFideId "1270307"]
[EventCountry "GER"]
[EventRounds "9"]
[EventType "swiss"]
[EventDate "2012.05.26"]

1. e4 d6 2. d4 Nf6 3. Nc3 g6 4. f4 Bg7 5. Nf3 O-O 6. Bc4 Nbd7 7. O-O c5 8. d5
Nb6 9. Be2 Bd7 10. Nd2 Rb8 11. Rb1 Qc8 12. h3 Na8 13. b3 Nh5 14. Bxh5 gxh5 15.
Ne2 Kh8 16. Qe1 Rg8 17. Kh2 f5 18. Ng3 fxe4 19. Ndxe4 h4 20. Nh5 Bd4 21. Qxh4
Bf5 22. Re1 Qd7 23. Bb2 Bxb2 24. Rxb2 Nc7 25. Ng5 Rbf8 26. Nxh7 Bxh7 27. Rxe7
Qd8 28. Qe1 Nxd5 29. Rxb7 Nxf4 30. Qc3+ Rf6 31. Rxh7+ Kxh7 32. Nxf6+ Kh6 33.
Nxg8+ Qxg8 34. Qf6+ Ng6 35. Qxd6 Qg7 36. Rb1 Kh7 37. Qxc5 Nf4 38. Qf5+ Ng6 39.
Rd1 Qc7+ 40. Kh1 1-0

[Event "ODEM U25B 2012"]
[Site "Oberhof GER"]
[Date "2012.05.31"]
[Round "7"]
[White "Bossert, Felix"]
[Black "Siegl, Adrian"]
[Result "1/2-1/2"]
[Termination "normal"]
[Board "7"]
[WhiteElo "1284"]
[BlackElo "1712"]
[PlyCount "127"]
[WhiteFideId "12960977"]
[BlackFideId "12930156"]
[EventCountry "GER"]
[EventRounds "9"]
[EventType "swiss"]
[EventDate "2012.05.26"]

1. d4 Nf6 2. c4 e6 3. Nf3 c5 4. g3 cxd4 5. Nxd4 Nc6 6. Bg2 Bc5 7. Nxc6 bxc6 8.
O-O O-O 9. Nc3 d5 10. cxd5 cxd5 11. b3 Ba6 12. Bb2 Rc8 13. Rc1 Qa5 14. Na4 Be7
15. Re1 Bb4 16. Rf1 Rxc1 17. Bxc1 Bb5 18. a3 Be7 19. Bd2 Qa6 20. Nc3 Bxa3 21.
Nxb5 Qxb5 22. Bc3 Rb8 23. Bxf6 gxf6 24. Qd4 Qxe2 25. Qxf6 Bb2 26. Qg5+ Bg7 27.
Qe7 Qa6 28. Rc1 h6 29. Rc7 Qa1+ 30. Bf1 Qf6 31. Qa3 Qf3 32. Qxa7 Rxb3 33. Rc1
Rc3 34. Rxc3 Qxc3 35. Qe3 Qxe3 36. fxe3 Kf8 37. Kf2 Ke7 38. Ke2 Kd6 39. Kd3 f5
40. Bg2 e5 41. h3 Kc5 42. Kc3 e4+ 43. Kd2 d4 44. exd4+ Kxd4 45. Ke2 Be5 46. g4
f4 47. h4 f3+ 48. Bxf3 exf3+ 49. Kxf3 Kd5 50. g5 h5 51. g6 Ke6 52. g7 Bxg7 53.
Kf4 Bf6 54. Kf3 Kf5 55. Kg3 Be5+ 56. Kh3 Kf4 57. Kg2 Kg4 58. Kh1 Kxh4 59. Kg2
Kg4 60. Kh1 h4 61. Kg2 Bd6 62. Kh1 Kf3 63. Kg1 Bc7 64. Kh1 1/2-1/2

[Event "ODEM U25B 2012"]
[Site "Oberhof GER"]
[Date "2012.05.31"]
[Round "7"]
[White "Tsoumanis, Neoptolemos"]
[Black "Gast, Benedikt"]
[Result "1/2-1/2"]
[Termination "normal"]
[Board "9"]
[WhiteElo "1181"]
[BlackElo "1860"]
[PlyCount "69"]
[BlackFideId "12937967"]
[EventCountry "GER"]
[EventRounds "9"]
[EventType "swiss"]
[EventDate "2012.05.26"]

1. e4 e5 2. Nf3 d6 3. d4 exd4 4. Qxd4 Nc6 5. Bb5 Bd7 6. Bxc6 Bxc6 7. Nc3 Nf6 8.
Bg5 Be7 9. O-O-O O-O 10. Rhe1 a6 11. e5 dxe5 12. Qxe5 Bd6 13. Bxf6 Qxf6 14.
Qxf6 gxf6 15. Ne4 Bxe4 16. Rxe4 Rfe8 17. Rde1 Rxe4 18. Rxe4 Bc5 19. Rc4 Bxf2
20. Rxc7 Rd8 21. b3 Be3+ 22. Kb2 b5 23. Rc6 Rb8 24. Rxf6 Kg7 25. Rd6 Bf4 26.
Rd4 Be3 27. Re4 Bc5 28. Nd4 Rd8 29. c3 Kf6 30. a3 Rd5 31. b4 Bd6 32. h3 Kg5 33.
g4 Kf6 34. Kb3 Be5 35. Nc6 1/2-1/2

[Event "ODEM U25B 2012"]
[Site "Oberhof GER"]
[Date "2012.05.31"]
[Round "7"]
[White "Bachmann, Jonas"]
[Black "Schier, Lukas"]
[Result "1/2-1/2"]
[Termination "normal"]
[Board "10"]
[WhiteElo "1426"]
[BlackElo "1272"]
[PlyCount "70"]
[WhiteFideId "12922919"]
[EventCountry "GER"]
[EventRounds "9"]
[EventType "swiss"]
[EventDate "2012.05.26"]

1. e4 e5 2. Nf3 Nc6 3. Bc4 Bc5 4. c3 Nf6 5. d4 exd4 6. cxd4 Bb4+ 7. Bd2 Nxe4 8.
Bxb4 Nxb4 9. Bxf7+ Kxf7 10. Qb3+ d5 11. Qxb4 Re8 12. O-O Qe7 13. Qb3 c6 14. Re1
Kf8 15. Nc3 Qf6 16. Nxe4 Rxe4 17. Rxe4 dxe4 18. Qb4+ Qe7 19. Qxe7+ Kxe7 20. Re1
Bf5 21. Nh4 Kf6 22. h3 h5 23. Nxf5 Kxf5 24. g4+ hxg4 25. hxg4+ Kf4 26. g5 Rd8
27. g6 Rxd4 28. Re3 Rd5 29. Rb3 b5 30. Ra3 Rg5+ 31. Kf1 Rxg6 32. Rxa7 Ke5 33.
Ke2 Kd5 34. Ke3 Rg5 35. Re7 Kd6 1/2-1/2

[Event "ODEM U25B 2012"]
[Site "Oberhof GER"]
[Date "2012.05.31"]
[Round "7"]
[White "Suvorov, Alexander"]
[Black "Schmidt, Daniel"]
[Result "1/2-1/2"]
[Termination "normal"]
[Board "11"]
[WhiteElo "1223"]
[BlackElo "1419"]
[PlyCount "60"]
[WhiteFideId "12977063"]
[BlackFideId "12957950"]
[EventCountry "GER"]
[EventRounds "9"]
[EventType "swiss"]
[EventDate "2012.05.26"]

1. d4 d5 2. Nf3 Nf6 3. c4 e6 4. Nc3 Be7 5. Bg5 c6 6. e3 O-O 7. cxd5 Nxd5 8.
Bxe7 Qxe7 9. a3 Nxc3 10. bxc3 Nd7 11. Bd3 b6 12. O-O Bb7 13. Re1 c5 14. e4 cxd4
15. cxd4 Nf6 16. Qa4 Qd7 17. Qxd7 Nxd7 18. e5 Bxf3 19. gxf3 Rac8 20. Rac1 Nb8
21. Be4 Rcd8 22. Red1 Rd7 23. f4 Rfd8 24. Bg2 g6 25. Kf1 Na6 26. Rc4 b5 27. Rc6
Nb8 28. Rc5 a6 29. Ke2 Kg7 30. Ke3 Ra7 1/2-1/2

[Event "ODEM U25B 2012"]
[Site "Oberhof GER"]
[Date "2012.05.31"]
[Round "7"]
[White "Friedrich, Robert"]
[Black "Petersen, Marcel"]
[Result "1/2-1/2"]
[Termination "normal"]
[Board "12"]
[WhiteElo "1350"]
[BlackElo "1582"]
[PlyCount "86"]
[WhiteFideId "1271541"]
[BlackFideId "12935670"]
[EventCountry "GER"]
[EventRounds "9"]
[EventType "swiss"]
[EventDate "2012.05.26"]

1. e4 e5 2. Nf3 Nc6 3. Bc4 Bc5 4. c3 Nf6 5. d3 h6 6. Nbd2 d6 7. Nf1 Bg4 8. h3
Be6 9. Bb3 O-O 10. Ng3 Qd7 11. O-O Rad8 12. Be3 Bb6 13. d4 exd4 14. cxd4 d5 15.
e5 Ne4 16. Bc2 f5 17. exf6 Nxf6 18. Rc1 Na5 19. Qd3 Qd6 20. Ne5 Nc4 21. Bf4 Ne4
22. Nxe4 dxe4 23. Qxe4 Bf5 24. Nxc4 Bxe4 25. Nxd6 Bxc2 26. Nb5 Bd3 27. Nxc7
Rxf4 28. Ne6 Bxf1 29. Nxf4 Rxd4 30. Ne6 Rd6 31. Nxg7 Bxg2 32. Nf5 Rf6 33. Nxh6+
Rxh6 34. Kxg2 Rg6+ 35. Kf1 Rf6 36. Rc2 Kg7 37. Kg2 Kh6 38. f3 Rg6+ 39. Kh2 Kg5
40. Rg2+ Kf5 41. Rxg6 Kxg6 42. Kg3 Bd4 43. b3 Bf6 1/2-1/2

[Event "ODEM U25B 2012"]
[Site "Oberhof GER"]
[Date "2012.05.31"]
[Round "7"]
[White "Granzin, David"]
[Black "Hoppe, Michael"]
[Result "1/2-1/2"]
[Termination "normal"]
[Board "13"]
[WhiteElo "1289"]
[BlackElo "1426"]
[PlyCount "63"]
[WhiteFideId "12922145"]
[BlackFideId "12928747"]
[EventCountry "GER"]
[EventRounds "9"]
[EventType "swiss"]
[EventDate "2012.05.26"]

1. e4 Nc6 2. d4 d5 3. e5 Bf5 4. c3 e6 5. Bd3 Bxd3 6. Qxd3 f6 7. f4 fxe5 8. fxe5
Qh4+ 9. g3 Qh5 10. Qf3 Qxf3 11. Nxf3 Nge7 12. Ng5 Nd8 13. O-O h6 14. Nh3 g5 15.
Nf2 Bg7 16. Na3 Ndc6 17. Ng4 O-O-O 18. Bd2 Rdf8 19. Nc2 Nf5 20. Nce3 Nce7 21.
Nxf5 Nxf5 22. Ne3 Nxe3 23. Bxe3 Kd7 24. Kg2 Ke7 25. a4 a6 26. b4 b6 27. b5 a5
28. Rac1 Rc8 29. c4 dxc4 30. Rxc4 Rhd8 31. Rfc1 Rd7 32. Rc6 1/2-1/2

[Event "ODEM U25B 2012"]
[Site "Oberhof GER"]
[Date "2012.05.31"]
[Round "7"]
[White "Gast, Antonia"]
[Black "Koll, Lukas"]
[Result "1-0"]
[Termination "normal"]
[Board "14"]
[WhiteElo "1395"]
[BlackElo "1282"]
[PlyCount "87"]
[WhiteFideId "12929336"]
[BlackFideId "12969737"]
[EventCountry "GER"]
[EventRounds "9"]
[EventType "swiss"]
[EventDate "2012.05.26"]

1. c4 c5 2. Nc3 Nc6 3. g3 e6 4. Bg2 Nge7 5. e4 Ng6 6. Nge2 Nge5 7. d3 Nb4 8.
Nf4 g5 9. a3 gxf4 10. axb4 cxb4 11. Bxf4 Ng6 12. Ne2 Bg7 13. Rb1 d6 14. Qa4+
Qd7 15. Qxb4 Nxf4 16. Nxf4 Qc7 17. Qa4+ Qc6 18. Qxc6+ bxc6 19. e5 Kd7 20. exd6
Kxd6 21. Ke2 Rb8 22. b3 c5 23. Nh3 Bb7 24. Bxb7 Rxb7 25. Kd2 Rhb8 26. Kc2 Bd4
27. f4 f5 28. Rhe1 h6 29. Ng1 Rb6 30. Nf3 Bf6 31. Ne5 Ra6 32. Ra1 Rxa1 33. Rxa1
Ra8 34. Ra6+ Ke7 35. Rc6 Bxe5 36. fxe5 Rg8 37. Rxc5 Kd7 38. Ra5 f4 39. Rxa7+
Kc6 40. gxf4 Rg2+ 41. Kc3 Rxh2 42. Rh7 Rh4 43. b4 Rxf4 44. Rxh6 1-0

[Event "ODEM U25B 2012"]
[Site "Oberhof GER"]
[Date "2012.05.31"]
[Round "7"]
[White "Sherif, Malik"]
[Black "Hölzer, Jeanette"]
[Result "1-0"]
[Termination "normal"]
[Board "15"]
[WhiteElo "1217"]
[BlackElo "1376"]
[PlyCount "133"]
[WhiteFideId "12911755"]
[BlackFideId "12917982"]
[EventCountry "GER"]
[EventRounds "9"]
[EventType "swiss"]
[EventDate "2012.05.26"]

1. e4 e5 2. Nf3 Nc6 3. Bc4 Bc5 4. c3 Nf6 5. d4 exd4 6. cxd4 Bb4+ 7. Bd2 Bxd2+
8. Nbxd2 d5 9. exd5 Nxd5 10. Qb3 Na5 11. Qa4+ Nc6 12. O-O O-O 13. Qb3 Na5 14.
Qa4 Nxc4 15. Qxc4 Be6 16. Qb3 Qd6 17. Ne4 Qb6 18. Qxb6 axb6 19. a3 Rfd8 20.
Rfd1 Rd7 21. Rac1 Rad8 22. Rd2 h6 23. h3 Bf5 24. Nc3 c6 25. Nxd5 Rxd5 26. Rcd1
Be4 27. Ne5 b5 28. b4 R8d6 29. f3 Bh7 30. Ng4 b6 31. Ne3 Rg5 32. Rc1 c5 33. d5
c4 34. f4 Rgg6 35. Nf5 Rd7 36. Re2 Kh8 37. Re8+ Bg8 38. Ne7 Rxe7 39. Rxe7 Rd6
40. Rd1 f6 41. Re4 Kh7 42. Kf2 Kg6 43. g4 Kh7 44. a4 bxa4 45. Rxc4 Rxd5 46.
Rxd5 Bxd5 47. Rc1 b5 48. Ra1 g5 49. Rd1 Bc4 50. Rd7+ Kg8 51. Ra7 gxf4 52. Kf3
Kh8 53. Kxf4 Be6 54. Ra6 Bc4 55. Kf5 Kg7 56. Ra7+ Bf7 57. Rb7 a3 58. Rxb5 a2
59. Ra5 Bg6+ 60. Kf4 Bf7 61. b5 Be8 62. b6 Bc6 63. Rxa2 Kg6 64. Ra7 h5 65. b7
Bxb7 66. Rxb7 hxg4 67. hxg4 1-0

[Event "ODEM U25B 2012"]
[Site "Oberhof GER"]
[Date "2012.05.31"]
[Round "7"]
[White "Hageresch, Leon"]
[Black "Dopmann, Sina"]
[Result "1-0"]
[Termination "normal"]
[Board "16"]
[WhiteElo "1371"]
[BlackElo "1158"]
[PlyCount "61"]
[WhiteFideId "12933899"]
[EventCountry "GER"]
[EventRounds "9"]
[EventType "swiss"]
[EventDate "2012.05.26"]

1. d4 d6 2. c4 Nd7 3. Nc3 e5 4. e3 Be7 5. Nf3 Ngf6 6. Bd3 O-O 7. O-O c6 8. Qc2
Qc7 9. dxe5 dxe5 10. Ng5 h6 11. Nh7 Rd8 12. Nxf6+ Nxf6 13. Ne4 a6 14. Nxf6+
Bxf6 15. Rd1 Bd7 16. e4 Rac8 17. Be3 b5 18. cxb5 cxb5 19. Qxc7 Rxc7 20. Bb6
Rcc8 21. Bxd8 Rxd8 22. a4 bxa4 23. Bxa6 Kf8 24. Rd5 Ke7 25. Rc1 Ke6 26. Rcc5 g5
27. Bb5 Bxb5 28. Rxd8 Bxd8 29. Rxb5 f5 30. exf5+ Kxf5 31. Rb4 1-0

[Event "ODEM U25B 2012"]
[Site "Oberhof GER"]
[Date "2012.05.31"]
[Round "7"]
[White "Dittrich, Tom"]
[Black "Schramm, Anna-Lena"]
[Result "0-1"]
[Termination "normal"]
[Board "17"]
[WhiteElo "1627"]
[BlackElo "1359"]
[PlyCount "92"]
[WhiteFideId "12923532"]
[BlackFideId "12918237"]
[EventCountry "GER"]
[EventRounds "9"]
[EventType "swiss"]
[EventDate "2012.05.26"]

1. e4 e5 2. Nf3 Nc6 3. Bc4 Nf6 4. d3 Bc5 5. c3 d6 6. Bb3 Bg4 7. Nbd2 d5 8. exd5
Nxd5 9. Nf1 Nf4 10. Bxf4 exf4 11. Qe2+ Qe7 12. Qxe7+ Bxe7 13. N1d2 O-O-O 14. d4
Rhf8 15. O-O-O Na5 16. Bc2 Be6 17. Kb1 Nc4 18. Nxc4 Bxc4 19. Rhe1 Bf6 20. Bf5+
Kb8 21. Re4 Rd5 22. Bg4 g5 23. h4 h6 24. hxg5 hxg5 25. Ka1 Ra5 26. a3 Bb3 27.
Rde1 Ba4 28. Bh5 a6 29. b4 Rd5 30. c4 Rd6 31. Ka2 Bc6 32. d5 Ba4 33. Bg4 Rdd8
34. Bf5 Bc2 35. Re5 Bxe5 36. Rxe5 f6 37. Bxc2 fxe5 38. Nxe5 Rfe8 39. Nd3 Re2
40. Kb3 Rh8 41. Kc3 Rh2 42. Bd1 Ra2 43. Nc1 Rxf2 44. Bf3 Rhxg2 45. Bxg2 Rxg2
46. a4 f3 0-1

[Event "ODEM U25B 2012"]
[Site "Oberhof GER"]
[Date "2012.05.31"]
[Round "7"]
[White "Dathe, Frederick"]
[Black "Neumann, Tiemon"]
[Result "0-1"]
[Termination "normal"]
[Board "18"]
[WhiteElo "1036"]
[BlackElo "1750"]
[PlyCount "58"]
[WhiteFideId "12963070"]
[BlackFideId "12925462"]
[EventCountry "GER"]
[EventRounds "9"]
[EventType "swiss"]
[EventDate "2012.05.26"]

1. c4 e5 2. Nc3 Nc6 3. Nf3 f5 4. d3 g6 5. g3 Nf6 6. Bg5 Bg7 7. Bxf6 Qxf6 8. Nd5
Qd6 9. Rb1 Nb4 10. Nxb4 Qxb4+ 11. Qd2 Qxd2+ 12. Nxd2 O-O 13. Bg2 c6 14. O-O d6
15. f4 exf4 16. Rxf4 Bh6 17. Rd4 Be3+ 18. Kh1 Bxd4 19. Nf3 Bg7 20. d4 Be6 21.
b3 d5 22. c5 b6 23. b4 bxc5 24. bxc5 Rab8 25. Ra1 Rb4 26. e3 Rfb8 27. Nd2 Rb2
28. Nf1 Rb1 29. Rxb1 Rxb1 0-1

[Event "ODEM U25B 2012"]
[Site "Oberhof GER"]
[Date "2012.05.31"]
[Round "7"]
[White "Acikel, Mert"]
[Black "Focke, Adrian"]
[Result "0-1"]
[Termination "normal"]
[Board "19"]
[WhiteElo "970"]
[BlackElo "1312"]
[PlyCount "74"]
[WhiteFideId "12956465"]
[BlackFideId "12969869"]
[EventCountry "GER"]
[EventRounds "9"]
[EventType "swiss"]
[EventDate "2012.05.26"]

1. e4 e5 2. Nf3 Nc6 3. Bc4 Nd4 4. Nxe5 Qg5 5. Ng4 d5 6. Bb3 Bxg4 7. f3 Be6 8.
exd5 Bxd5 9. Bxd5 Qxd5 10. c3 Nc6 11. Qe2+ Qe5 12. Qxe5+ Nxe5 13. d4 Nd3+ 14.
Kd2 Nxc1 15. Rxc1 O-O-O 16. Kd3 Bd6 17. Nd2 Bxh2 18. g3 Bxg3 19. Rg1 Bf4 20.
Rxg7 Bxd2 21. Kxd2 Rd7 22. Re1 f6 23. Rxd7 Kxd7 24. Kd3 Ne7 25. Kc4 Re8 26. Re2
Nf5 27. Rxe8 Kxe8 28. Kd5 h5 29. f4 h4 30. Ke4 Ke7 31. Kf3 Ke6 32. Kg4 Ne3+ 33.
Kxh4 Nd1 34. Kg3 Kf5 35. Kf3 Nxb2 36. Ke3 Nd1+ 37. Kf3 Nxc3 0-1

[Event "ODEM U25B 2012"]
[Site "Oberhof GER"]
[Date "2012.05.31"]
[Round "7"]
[White "Arnold, Alexandria"]
[Black "Giede, Anna-Blume"]
[Result "1-0"]
[Termination "normal"]
[Board "20"]
[WhiteElo "872"]
[BlackElo "1250"]
[PlyCount "145"]
[WhiteFideId "16205383"]
[BlackFideId "12921980"]
[EventCountry "GER"]
[EventRounds "9"]
[EventType "swiss"]
[EventDate "2012.05.26"]

1. e4 c5 2. c3 d5 3. exd5 Qxd5 4. Nf3 Nc6 5. d4 cxd4 6. cxd4 Bg4 7. Nc3 Qe6+ 8.
Be3 Qd6 9. Be2 Nf6 10. Nb5 Qd8 11. Bf4 Nd5 12. Bg3 Bxf3 13. Bxf3 Qa5+ 14. Nc3
Nxc3 15. Bxc6+ bxc6 16. bxc3 Qxc3+ 17. Kf1 Rd8 18. Rb1 Qxd4 19. Qxd4 Rxd4 20.
Ke2 Rd8 21. Bc7 Ra8 22. Rhd1 e6 23. Rb8+ Rxb8 24. Bxb8 a5 25. Bc7 Be7 26. Bxa5
O-O 27. Rd7 Bf6 28. Bb4 Rc8 29. a4 c5 30. Ba3 c4 31. Rb7 h6 32. a5 Ra8 33. Bb4
c3 34. Kd3 g6 35. Rb6 Bd8 36. Rb5 Bf6 37. Bxc3 Bxc3 38. Kxc3 Ra6 39. Kb4 Kf8
40. Rb6 Ra8 41. a6 Ke7 42. Rb7+ Kd6 43. Kb5 Rc8 44. Kb6 Rc6+ 45. Ka7 Rc7 46.
Ka8 Rc8+ 47. Rb8 Rc7 48. a7 Kd7 49. Rb7 Kc8 50. Rb4 h5 51. f3 Rc2 52. g4 hxg4
53. fxg4 Rc7 54. h4 Rc5 55. h5 gxh5 56. gxh5 Rc7 57. h6 f5 58. Rb8+ Kd7 59. h7
Rc8 60. Rxc8 Kxc8 61. h8=Q+ Kc7 62. Qb8+ Kc6 63. Qe5 Kd7 64. Kb8 Ke7 65. Kc7 f4
66. Qxf4 e5 67. Qh6 e4 68. Kc6 e3 69. Qxe3+ Kf6 70. a8=R Kg7 71. Qe6 Kh7 72.
Ra7+ Kh8 73. Qe8# 1-0

[Event "ODEM U25B 2012"]
[Site "Oberhof GER"]
[Date "2012.05.31"]
[Round "7"]
[White "Silber, Kevin"]
[Black "Huruglica, Emre"]
[Result "1-0"]
[Termination "normal"]
[Board "21"]
[WhiteElo "1196"]
[BlackElo "1103"]
[PlyCount "97"]
[WhiteFideId "12930440"]
[EventCountry "GER"]
[EventRounds "9"]
[EventType "swiss"]
[EventDate "2012.05.26"]

1. e4 b6 2. d4 Bb7 3. Nc3 e6 4. g3 Nf6 5. Bg2 Bb4 6. Nge2 Bxe4 7. Bxe4 Nxe4 8.
Qd3 d5 9. a3 Bxc3+ 10. Nxc3 Nc6 11. Nxe4 dxe4 12. Qxe4 Qd5 13. Qxd5 exd5 14. c3
O-O 15. O-O Rfe8 16. Bf4 Re2 17. Rab1 Rc8 18. Rfe1 Re7 19. Rxe7 Nxe7 20. Re1
Kf8 21. b4 c5 22. Bd6 Re8 23. bxc5 bxc5 24. Bxc5 a5 25. Re5 f6 26. Rxd5 Kf7 27.
Rd7 Ke6 28. Rxe7+ Rxe7 29. Bxe7 Kxe7 30. c4 Ke6 31. c5 Kd5 32. f4 f5 33. h4 h5
34. Kf2 Kc6 35. Ke3 Kd5 36. Kd3 g6 37. a4 Kc6 38. Kc4 Kc7 39. d5 Kb7 40. Kb5
Kc7 41. Kxa5 Kd7 42. Kb6 Kc8 43. c6 Kb8 44. a5 g5 45. hxg5 h4 46. gxh4 Ka8 47.
g6 Kb8 48. g7 Ka8 49. g8=Q# 1-0

[Event "ODEM U25B 2012"]
[Site "Oberhof GER"]
[Date "2012.05.31"]
[Round "7"]
[White "Thumm, Niklas"]
[Black "Zyla, Lennert"]
[Result "1/2-1/2"]
[Termination "normal"]
[Board "22"]
[WhiteElo "1183"]
[BlackElo "1048"]
[PlyCount "56"]
[WhiteFideId "12918733"]
[BlackFideId "12981567"]
[EventCountry "GER"]
[EventRounds "9"]
[EventType "swiss"]
[EventDate "2012.05.26"]

1. e4 Nc6 2. Nf3 d6 3. Nc3 Bg4 4. Bb5 a6 5. Ba4 Nf6 6. h3 Bh5 7. d4 Rb8 8. Qd3
Bxf3 9. Qxf3 b5 10. d5 Ne5 11. Bxb5+ axb5 12. Qe2 Qd7 13. a4 bxa4 14. Rxa4 g6
15. f4 Bh6 16. O-O O-O 17. fxe5 Bxc1 18. Rxc1 dxe5 19. b3 c6 20. Rd1 c5 21. Qc4
Rfc8 22. Qf1 Kg7 23. Qf2 Nh5 24. Ne2 Qd6 25. Ng3 Nf6 26. Rf1 Rf8 27. Qe3 Rb4
28. Qg5 Kh8 1/2-1/2

[Event "ODEM U25B 2012"]
[Site "Oberhof GER"]
[Date "2012.05.31"]
[Round "7"]
[White "Bick, Lennard"]
[Black "Matuschak, Henry"]
[Result "1-0"]
[Termination "normal"]
[Board "23"]
[WhiteElo "1169"]
[BlackElo "1034"]
[PlyCount "91"]
[EventCountry "GER"]
[EventRounds "9"]
[EventType "swiss"]
[EventDate "2012.05.26"]

1. e4 e5 2. Nf3 Nc6 3. Bb5 a6 4. Ba4 Nf6 5. Nc3 Bb4 6. a3 Ba5 7. O-O O-O 8. d3
d6 9. Bg5 Bxc3 10. bxc3 h6 11. Be3 Bg4 12. Rb1 b5 13. Bb3 d5 14. exd5 Nxd5 15.
Bd2 Qd6 16. h3 Bh5 17. Re1 Rfe8 18. g4 Bg6 19. c4 Nf4 20. Bxf4 exf4 21. Qd2
bxc4 22. Bxc4 Nd4 23. Nxd4 Qxd4 24. Rxe8+ Rxe8 25. Bxa6 f3 26. Re1 Rxe1+ 27.
Qxe1 f6 28. Bc4+ Kh7 29. Qe6 Qd8 30. a4 Qe8 31. a5 Qa8 32. a6 Be8 33. Qe4+ Qxe4
34. dxe4 Bc6 35. Bd5 Bxd5 36. exd5 g6 37. a7 f5 38. a8=Q fxg4 39. hxg4 h5 40.
gxh5 gxh5 41. Qb7 Kg6 42. Qxc7 Kg5 43. Qe5+ Kg4 44. Qe4+ Kh3 45. Qxf3+ Kh4 46.
Qg3# 1-0